000
00234nam a22000857a 4500
008
160712b xxu||||| |||| 00| 0 eng d
100
_9
2654
_a
Osborne, C
245
_a
The Art of Understanding Yourself
260
_a
Michigan
_b
Zondervan
_c
1967
999
_c
2307
_d
2307